[Event "RUS-ch U20 Girls"]
[Site "Samara"]
[Date "2004.03.09"]
[Round "8"]
[White "Pogonina, Natalija"]
[Black "Figura, Ludmila"]
[Result "1-0"]
[WhiteElo "2382"]
[BlackElo "2191"]
[PlyCount "65"]
[EventDate "2004.03.??"]
[EventType "swiss"]
[EventRounds "11"]
[EventCountry "RUS"]
[SourceTitle "EXT 2005"]
[Source "ChessBase"]
[SourceDate "2004.11.15"]
[SourceVersion "1"]
[SourceVersionDate "2004.11.15"]
[SourceQuality "1"]

1. e4 e6 2. d4 d5 3. Nd2 Be7 4. Bd3 c5 5. dxc5 Nf6 6. Qe2 Nc6 7. Ngf3 Bxc5 8. exd5 Nxd5 9. Ne4 Be7 10. 0-0 Qc7 11. c4 Nf4 12. Bxf4 Qxf4 13. h3 0-0 14. Rad1 Ne5 15. Nxe5 Qxe5 16. Bb1 Qc7 17. Nc3 g6 18. Nb5 Qc5 19. a3 a5 20. b3 b6 21. Be4 Rb8 22. Rb1 Qg5 23. b4 Rd8 24. Na7 Bb7 25. Qf3 Rd7 26. Bxb7 Rbxb7 27. Nc6 axb4 28. axb4 Rbc7 29. Ra1 Qh4 30. Ne5 Bf6 31. Nxd7 Bxa1 32. Qa8+ Kg7 33. Qf8# 1-0

[Event "RUS-ch U20 Girls"]
[Site "Samara"]
[Date "2004.03.05"]
[Round "4"]
[White "Figura, Ludmila"]
[Black "Gromova, Iulia"]
[Result "1-0"]
[WhiteElo "2191"]
[BlackElo "2151"]
[PlyCount "105"]
[EventDate "2004.03.??"]
[EventType "swiss"]
[EventRounds "11"]
[EventCountry "RUS"]
[SourceTitle "EXT 2005"]
[Source "ChessBase"]
[SourceDate "2004.11.15"]
[SourceVersion "1"]
[SourceVersionDate "2004.11.15"]
[SourceQuality "1"]

1. d4 Nf6 2. Nf3 g6 3. c4 Bg7 4. Nc3 d6 5. Bg5 0-0 6. e3 Nbd7 7. Be2 c5 8. d5 a6 9. 0-0 Ne8 10. Qc2 Ndf6 11. Rab1 Nc7 12. e4 Bg4 13. b4 Bxf3 14. Bxf3 Nd7 15. Be3 Rb8 16. bxc5 Nxc5 17. Bxc5 dxc5 18. Na4 Bd4 19. Nb6 Nb5 20. cxb5 Qxb6 21. Be2 axb5 22. Rxb5 Qd6 23. Bc4 f5 24. Qb1 b6 25. g3 f4 26. Kg2 f3+ 27. Kg1 h5 28. Rd1 Be5 29. Qc1 Kg7 30. Qg5 h4 31. Qxh4 Qd7 32. Qg5 Bf6 33. Qe3 Qh3 34. Bf1 Qh5 35. h3 Be5 36. Rd2 Rf6 37. a4 Ra8 38. a5 Bd4 39. Rxd4 cxd4 40. Qxd4 Rxa5 41. Rxb6 Qg5 42. Rxf6 Qxf6 43. e5 Qg5 44. h4 Qc1 45. e6+ Kh7 46. h5 Qb1 47. hxg6+ Kg8 48. d6 exd6 49. e7 Re5 50. Qxe5 dxe5 51. e8Q+ Kg7 52. Qf7+ Kh6 53. g7 1-0

[Event "RUS-ch U20 Girls"]
[Site "Samara"]
[Date "2004.03.03"]
[Round "2"]
[White "Tomilova, Elena"]
[Black "Figura, Ludmila"]
[Result "1-0"]
[WhiteElo "2221"]
[BlackElo "2191"]
[PlyCount "65"]
[EventDate "2004.03.??"]
[EventType "swiss"]
[EventRounds "11"]
[EventCountry "RUS"]
[SourceTitle "EXT 2005"]
[Source "ChessBase"]
[SourceDate "2004.11.15"]
[SourceVersion "1"]
[SourceVersionDate "2004.11.15"]
[SourceQuality "1"]

1. e4 c5 2. Nf3 Nc6 3. d4 cxd4 4. Nxd4 Nf6 5. Nc3 e5 6. Ndb5 d6 7. Bg5 a6 8. Na3 b5 9. Bxf6 gxf6 10. Nd5 f5 11. Bxb5 axb5 12. Nxb5 Ra4 13. c4 Rxc4 14. Nbc7+ Kd7 15. Nb6+ Kxc7 16. Nxc4 Qh4 17. 0-0 Qxe4 18. Rc1 Rg8 19. g3 Rg6 20. Qb3 d5 21. Nb6 Rd6 22. Rfd1 d4 23. Na8+ Kd8 24. Qxf7 Be7 25. Qg8+ Kd7 26. Nb6+ Kc7 27. Nxc8 Rd7 28. Na7 Rd6 29. Nb5+ Kd7 30. Nxd6 Kxd6 31. Qc4 Bg5 32. Re1 Qd5 33. Qxc6+ 1-0

[Event "Arctic Cup U16"]
[Site "Salekhard"]
[Date "2003.10.10"]
[Round "8"]
[White "Figura, Ludmila"]
[Black "Sevastianova, Marya"]
[Result "1-0"]
[WhiteElo "2161"]
[BlackElo "1900"]
[PlyCount "67"]
[EventDate "2003.10.05"]
[EventType "team"]
[EventRounds "9"]
[EventCountry "RUS"]
[SourceTitle "CBM 096 Extra"]
[Source "ChessBase"]
[SourceDate "2003.10.22"]
[SourceVersion "2"]
[SourceVersionDate "2003.10.20"]
[SourceQuality "1"]

1. d4 c5 2. d5 d6 3. Nf3 e5 4. e4 g6 5. c4 Bg7 6. Nc3 f5 7. h4 Nf6 8. Bg5 h6 9. Bxf6 Bxf6 10. h5 g5 11. exf5 Bxf5 12. Bd3 e4 13. Nxe4 Bxe4 14. Qe2 Qe7 15. Bxe4 Bxb2 16. Rb1 Bc3+ 17. Kf1 b6 18. Qc2 Qf6 19. Rb3 Be5 20. Bg6+ Kd8 21. Nxe5 Qxe5 22. Re3 Qa1+ 23. Re1 Qd4 24. Rh3 Nd7 25. Rd3 Qh4 26. Rh3 Qd4 27. Re6 Ne5 28. Re3 Nxc4 29. Re8+ Rxe8 30. Rxe8+ Kc7 31. Rxa8 Qa1+ 32. Ke2 Qe5+ 33. Be4 Na3 34. Rxa7+ 1-0

[Event "Arctic Cup U16"]
[Site "Salekhard"]
[Date "2003.10.08"]
[Round "5"]
[White "Figura, Ludmila"]
[Black "Dzhabrailova, Inara"]
[Result "1-0"]
[WhiteElo "2161"]
[BlackElo "2180"]
[PlyCount "63"]
[EventDate "2003.10.05"]
[EventType "team"]
[EventRounds "9"]
[EventCountry "RUS"]
[SourceTitle "CBM 096 Extra"]
[Source "ChessBase"]
[SourceDate "2003.10.22"]
[SourceVersion "2"]
[SourceVersionDate "2003.10.20"]
[SourceQuality "1"]

1. d4 d5 2. c4 dxc4 3. Nf3 Nf6 4. e3 e6 5. Bxc4 c5 6. 0-0 a6 7. a4 Nc6 8. Qe2 cxd4 9. Rd1 Be7 10. exd4 0-0 11. Nc3 Nd5 12. Ne5 Nxe5 13. Bxd5 Nc6 14. Bxc6 bxc6 15. Qe4 Bd7 16. Bf4 a5 17. Qc2 f5 18. Ne2 Ra7 19. Nc1 Qb6 20. Nd3 Bf6 21. Be5 Bxe5 22. dxe5 Bc8 23. Nc5 Rd8 24. Rxd8+ Qxd8 25. Rd1 Qh4 26. g3 Qe7 27. Rd6 Rc7 28. Qd2 h6 29. Qxa5 g5 30. Qa8 Qe8 31. Nxe6 Re7 32. Rd8 1-0